[Event "2024 National Middle School Championship"]
[Site "Atlanta, Georgia, United States"]
[Date "2024.05.11"]
[Round "3.11"]
[White "Das, Aditeya"]
[Black "You, Eden"]
[Result "1-0"]
[TimeControl "G/90;d10"]
[WhiteElo "2120"]
[BlackElo "1930"]

1. e4 {[%clk 01:30:00]} {[%emt 00:00:01]} c5 {[%clk 01:29:45]} {[%emt
00:00:25]} 2. Nf3 {[%clk 01:30:00]} {[%emt 00:00:08]} g6 {[%clk 01:29:22]}
{[%emt 00:00:33]} 3. d4 {[%clk 01:30:00]} {[%emt 00:00:08]} cxd4 {[%clk
01:29:20]} {[%emt 00:00:11]} 4. Nxd4 {[%clk 01:30:00]} {[%emt 00:00:03]} Nc6
{[%clk 01:29:06]} {[%emt 00:00:24]} 5. c4 {[%clk 01:29:43]} {[%emt 00:00:28]}
Nf6 {[%clk 01:28:24]} {[%emt 00:00:51]} 6. Nc3 {[%clk 01:29:43]} {[%emt
00:00:03]} Nxd4 {[%clk 01:27:20]} {[%emt 00:01:14]} 7. Qxd4 {[%clk 01:29:43]}
{[%emt 00:00:07]} d6 {[%clk 01:27:12]} {[%emt 00:00:18]} 8. Be3 {[%clk
01:29:38]} {[%emt 00:00:14]} Bg7 {[%clk 01:25:52]} {[%emt 00:01:30]} 9. Be2
{[%clk 01:29:22]} {[%emt 00:00:25]} O-O {[%clk 01:25:34]} {[%emt 00:00:28]} 10.
Qd2 {[%clk 01:29:22]} {[%emt 00:00:04]} Ng4 {[%clk 01:18:07]} {[%emt 00:07:35]}
11. Bf4 {[%clk 01:26:08]} {[%emt 00:03:27]} Be6 {[%clk 01:13:08]} {[%emt
00:05:08]} 12. O-O {[%clk 01:24:38]} {[%emt 00:01:41]} Ne5 {[%clk 01:09:11]}
{[%emt 00:04:01]} 13. b3 {[%clk 01:22:31]} {[%emt 00:02:22]} a6 {[%clk
01:05:37]} {[%emt 00:03:43]} 14. Rac1 {[%clk 01:20:13]} {[%emt 00:02:30]} Qd7
{[%clk 01:00:42]} {[%emt 00:05:05]} 15. Na4 {[%clk 01:15:07]} {[%emt 00:05:16]}
Qc6 {[%clk 00:58:55]} {[%emt 00:01:53]} 16. Bxe5 {[%clk 01:09:06]} {[%emt
00:06:14]} dxe5 {[%clk 00:54:39]} {[%emt 00:04:26]} 17. Qb4 {[%clk 01:07:49]}
{[%emt 00:01:27]} Rfd8 {[%clk 00:48:16]} {[%emt 00:06:33]} 18. Rcd1 {[%clk
01:06:32]} {[%emt 00:01:28]} Bf6 {[%clk 00:46:34]} {[%emt 00:01:51]} 19. c5
{[%clk 01:05:04]} {[%emt 00:01:38]} Rd4 {[%clk 00:42:57]} {[%emt 00:03:47]} 20.
Rxd4 {[%clk 01:02:29]} {[%emt 00:02:45]} exd4 {[%clk 00:42:57]} {[%emt
00:00:03]} 21. Bd3 {[%clk 01:02:29]} {[%emt 00:00:01]} Rd8 {[%clk 00:39:56]}
{[%emt 00:03:10]} 22. f4 {[%clk 01:01:51]} {[%emt 00:00:48]} Bc8 {[%clk
00:37:10]} {[%emt 00:02:56]} 23. Nb6 {[%clk 00:49:19]} {[%emt 00:12:44]} e6
{[%clk 00:34:30]} {[%emt 00:02:49]} 24. e5 {[%clk 00:47:27]} {[%emt 00:02:02]}
Be7 {[%clk 00:34:21]} {[%emt 00:00:17]} 25. Rc1 {[%clk 00:47:11]} {[%emt
00:00:27]} g5 {[%clk 00:32:54]} {[%emt 00:01:37]} 26. Qd2 {[%clk 00:45:15]}
{[%emt 00:02:07]} h6 {[%clk 00:31:31]} {[%emt 00:01:33]} 27. Qe2 {[%clk
00:44:14]} {[%emt 00:01:11]} Kg7 {[%clk 00:30:20]} {[%emt 00:01:20]} 28. b4
{[%clk 00:42:48]} {[%emt 00:01:37]} Rg8 {[%clk 00:29:07]} {[%emt 00:01:22]} 29.
a4 {[%clk 00:40:27]} {[%emt 00:02:32]} gxf4 {[%clk 00:27:52]} {[%emt 00:01:24]}
30. Rf1 {[%clk 00:37:29]} {[%emt 00:03:08]} Bg5 {[%clk 00:26:11]} {[%emt
00:01:51]} 31. h4 {[%clk 00:29:35]} {[%emt 00:08:04]} Bxh4 {[%clk 00:24:23]}
{[%emt 00:01:57]} 32. Rxf4 {[%clk 00:29:28]} {[%emt 00:00:18]} Bd8 {[%clk
00:22:53]} {[%emt 00:01:32]} 33. Qh5 {[%clk 00:29:23]} {[%emt 00:00:24]} Rf8
{[%clk 00:20:21]} {[%emt 00:02:42]} 34. Rg4+ {[%clk 00:29:13]} {[%emt
00:00:20]} Bg5 {[%clk 00:20:21]} {[%emt 00:00:07]} 35. Rxg5+ {[%clk 00:29:13]}
{[%emt 00:00:04]} hxg5 {[%clk 00:20:17]} {[%emt 00:00:13]} 36. Qh7# {[%clk
00:29:04]} {[%emt 00:00:19]} 1-0

[Event "2024 National Middle School Championship"]
[Site "Atlanta, Georgia, United States"]
[Date "2024.05.11"]
[Round "3.12"]
[White "Chang, Luca"]
[Black "Wang, Kyle"]
[Result "1/2-1/2"]
[TimeControl "G/90;d10"]
[WhiteElo "1938"]
[BlackElo "2115"]

1. d4 {[%clk 01:29:28]} {[%emt 00:00:39]} Nf6 {[%clk 01:30:00]} {[%emt
00:00:05]} 2. c4 {[%clk 01:29:27]} {[%emt 00:00:11]} e6 {[%clk 01:30:00]}
{[%emt 00:00:05]} 3. Nc3 {[%clk 01:29:27]} {[%emt 00:00:09]} Bb4 {[%clk
01:30:00]} {[%emt 00:00:04]} 4. e3 {[%clk 01:29:26]} {[%emt 00:00:10]} O-O
{[%clk 01:30:00]} {[%emt 00:00:10]} 5. Bd3 {[%clk 01:28:54]} {[%emt 00:00:41]}
c5 {[%clk 01:29:53]} {[%emt 00:00:19]} 6. Nf3 {[%clk 01:28:11]} {[%emt
00:00:50]} b6 {[%clk 01:29:14]} {[%emt 00:00:51]} 7. O-O {[%clk 01:27:38]}
{[%emt 00:00:42]} Bb7 {[%clk 01:28:25]} {[%emt 00:01:00]} 8. Na4 {[%clk
01:24:11]} {[%emt 00:03:37]} cxd4 {[%clk 01:28:13]} {[%emt 00:00:22]} 9. a3
{[%clk 01:20:08]} {[%emt 00:04:13]} Bd6 {[%clk 01:25:51]} {[%emt 00:02:32]} 10.
exd4 {[%clk 01:16:46]} {[%emt 00:03:32]} Nc6 {[%clk 01:20:02]} {[%emt
00:06:00]} 11. b4 {[%clk 01:04:40]} {[%emt 00:12:16]} e5 {[%clk 01:10:56]}
{[%emt 00:09:17]} 12. d5 {[%clk 01:01:48]} {[%emt 00:03:00]} e4 {[%clk
01:10:44]} {[%emt 00:00:23]} 13. dxc6 {[%clk 00:59:46]} {[%emt 00:02:12]} dxc6
{[%clk 01:10:32]} {[%emt 00:00:22]} 14. Be2 {[%clk 00:59:09]} {[%emt 00:00:41]}
exf3 {[%clk 01:09:42]} {[%emt 00:01:07]} 15. Bxf3 {[%clk 00:57:12]} {[%emt
00:02:03]} Qc7 {[%clk 01:08:10]} {[%emt 00:01:44]} 16. h3 {[%clk 00:55:20]}
{[%emt 00:02:02]} Be5 {[%clk 01:03:34]} {[%emt 00:04:46]} 17. Rb1 {[%clk
00:45:34]} {[%emt 00:09:55]} Bc8 {[%clk 00:56:54]} {[%emt 00:06:52]} 18. Bb2
{[%clk 00:38:50]} {[%emt 00:06:53]} Bf5 {[%clk 00:49:11]} {[%emt 00:07:55]} 19.
Bxe5 {[%clk 00:33:10]} {[%emt 00:05:49]} Qxe5 {[%clk 00:49:07]} {[%emt
00:00:14]} 20. Rb2 {[%clk 00:32:29]} {[%emt 00:00:47]} Be4 {[%clk 00:36:39]}
{[%emt 00:12:42]} 21. Re2 {[%clk 00:19:07]} {[%emt 00:13:30]} Bxf3 {[%clk
00:33:59]} {[%emt 00:02:53]} 22. Rxe5 {[%clk 00:19:03]} {[%emt 00:00:14]} Bxd1
{[%clk 00:33:59]} {[%emt 00:00:06]} 23. Rxd1 {[%clk 00:19:03]} {[%emt
00:00:05]} Rad8 {[%clk 00:33:59]} {[%emt 00:00:11]} 24. Rxd8 {[%clk 00:17:13]}
{[%emt 00:01:59]} Rxd8 {[%clk 00:33:59]} {[%emt 00:00:03]} 25. Re7 {[%clk
00:15:40]} {[%emt 00:01:43]} Rd7 {[%clk 00:33:59]} {[%emt 00:00:08]} 26. Rxd7
{[%clk 00:13:49]} {[%emt 00:02:01]} Nxd7 {[%clk 00:33:59]} {[%emt 00:00:01]} 27.
f4 {[%clk 00:13:11]} {[%emt 00:00:48]} Kf8 {[%clk 00:32:08]} {[%emt 00:02:02]}
28. Kf2 {[%clk 00:13:06]} {[%emt 00:00:15]} Ke7 {[%clk 00:31:34]} {[%emt
00:00:43]} 29. Ke3 {[%clk 00:11:42]} {[%emt 00:01:34]} Kd6 {[%clk 00:29:20]}
{[%emt 00:02:24]} 30. Nc3 {[%clk 00:10:36]} {[%emt 00:01:15]} f5 {[%clk
00:28:49]} {[%emt 00:00:42]} 31. g4 {[%clk 00:08:14]} {[%emt 00:02:33]} fxg4
{[%clk 00:26:48]} {[%emt 00:02:12]} 32. hxg4 {[%clk 00:07:58]} {[%emt
00:00:25]} Ke6 {[%clk 00:25:48]} {[%emt 00:01:09]} 33. Ne4 {[%clk 00:07:20]}
{[%emt 00:00:46]} h6 {[%clk 00:24:22]} {[%emt 00:01:38]} 34. Kd4 {[%clk
00:06:50]} {[%emt 00:00:40]} g6 {[%clk 00:21:05]} {[%emt 00:03:27]} 35. Ke3
{[%clk 00:05:36]} {[%emt 00:01:23]} Nf6 {[%clk 00:20:03]} {[%emt 00:01:12]} 36.
Nxf6 {[%clk 00:02:30]} {[%emt 00:03:17]} Kxf6 {[%clk 00:20:03]} {[%emt
00:00:09]} 37. a4 {[%clk 00:02:25]} {[%emt 00:00:15]} h5 {[%clk 00:19:38]}
{[%emt 00:00:35]} 38. Kf3 {[%clk 00:01:27]} {[%emt 00:01:08]} c5 {[%clk
00:19:07]} {[%emt 00:00:41]} 39. b5 {[%clk 00:01:09]} {[%emt 00:00:29]} h4
{[%clk 00:18:16]} {[%emt 00:01:01]} 1/2-1/2

[Event "2024 National Middle School Championship"]
[Site "Atlanta, Georgia, United States"]
[Date "2024.05.11"]
[Round "3.13"]
[White "Casares, Santiago De Jesus"]
[Black "Roy, Ayush"]
[Result "1-0"]
[TimeControl "G/90;d10"]
[WhiteElo "2114"]
[BlackElo "1922"]

1. e4 {[%clk 01:30:00]} {[%emt 00:00:01]} c5 {[%clk 01:29:59]} {[%emt
00:00:11]} 2. Nf3 {[%clk 01:30:00]} {[%emt 00:00:04]} e6 {[%clk 01:29:59]}
{[%emt 00:00:07]} 3. d4 {[%clk 01:30:00]} {[%emt 00:00:03]} cxd4 {[%clk
01:29:59]} {[%emt 00:00:04]} 4. Nxd4 {[%clk 01:30:00]} {[%emt 00:00:05]} a6
{[%clk 01:29:59]} {[%emt 00:00:04]} 5. Bd3 {[%clk 01:30:00]} {[%emt 00:00:05]}
Bc5 {[%clk 01:29:45]} {[%emt 00:00:24]} 6. Nb3 {[%clk 01:30:00]} {[%emt
00:00:05]} Ba7 {[%clk 01:29:45]} {[%emt 00:00:04]} 7. Qe2 {[%clk 01:30:00]}
{[%emt 00:00:05]} Nc6 {[%clk 01:29:35]} {[%emt 00:00:20]} 8. O-O {[%clk
01:29:39]} {[%emt 00:00:30]} Nge7 {[%clk 01:29:30]} {[%emt 00:00:15]} 9. Nc3
{[%clk 01:29:05]} {[%emt 00:00:45]} O-O {[%clk 01:29:23]} {[%emt 00:00:18]} 10.
Be3 {[%clk 01:28:11]} {[%emt 00:01:03]} Bxe3 {[%clk 01:29:07]} {[%emt
00:00:27]} 11. Qxe3 {[%clk 01:28:11]} {[%emt 00:00:04]} d5 {[%clk 01:29:07]}
{[%emt 00:00:05]} 12. exd5 {[%clk 01:27:46]} {[%emt 00:00:34]} Nxd5 {[%clk
01:29:07]} {[%emt 00:00:09]} 13. Nxd5 {[%clk 01:27:46]} {[%emt 00:00:08]} Qxd5
{[%clk 01:29:07]} {[%emt 00:00:06]} 14. Rad1 {[%clk 01:13:19]} {[%emt
00:14:36]} Qh5 {[%clk 01:27:58]} {[%emt 00:01:20]} 15. Be4 {[%clk 01:08:04]}
{[%emt 00:05:22]} Ne7 {[%clk 01:19:39]} {[%emt 00:08:30]} 16. Qb6 {[%clk
01:04:13]} {[%emt 00:04:01]} Nd5 {[%clk 01:11:46]} {[%emt 00:08:05]} 17. Qd6
{[%clk 00:55:18]} {[%emt 00:09:03]} Nf6 {[%clk 01:09:59]} {[%emt 00:01:59]} 18.
Bf3 {[%clk 00:50:52]} {[%emt 00:04:36]} Qb5 {[%clk 01:08:20]} {[%emt 00:01:39]}
19. Rfe1 {[%clk 00:49:11]} {[%emt 00:02:00]} Bd7 {[%clk 01:06:30]} {[%emt
00:02:00]} 20. Re5 {[%clk 00:48:29]} {[%emt 00:00:52]} Qc4 {[%clk 01:06:18]}
{[%emt 00:00:17]} 21. c3 {[%clk 00:45:09]} {[%emt 00:03:35]} Rad8 {[%clk
00:58:02]} {[%emt 00:08:26]} 22. Rd4 {[%clk 00:35:52]} {[%emt 00:09:27]} Bb5
{[%clk 00:49:59]} {[%emt 00:08:12]} 23. Rxc4 {[%clk 00:35:52]} {[%emt
00:00:04]} Rxd6 {[%clk 00:49:59]} {[%emt 00:00:05]} 24. Rd4 {[%clk 00:35:52]}
{[%emt 00:00:05]} Rb6 {[%clk 00:49:02]} {[%emt 00:01:06]} 25. c4 {[%clk
00:33:59]} {[%emt 00:02:04]} Bc6 {[%clk 00:48:20]} {[%emt 00:00:52]} 26. c5
{[%clk 00:33:39]} {[%emt 00:00:30]} Rb5 {[%clk 00:47:39]} {[%emt 00:00:50]} 27.
Be2 {[%clk 00:30:32]} {[%emt 00:03:18]} Nd7 {[%clk 00:46:20]} {[%emt 00:01:29]}
28. Re3 {[%clk 00:30:22]} {[%emt 00:00:21]} e5 {[%clk 00:46:07]} {[%emt
00:00:22]} 29. Rxd7 {[%clk 00:26:31]} {[%emt 00:04:01]} Bxd7 {[%clk 00:45:58]}
{[%emt 00:00:20]} 30. Bxb5 {[%clk 00:26:31]} {[%emt 00:00:04]} Bxb5 {[%clk
00:45:58]} {[%emt 00:00:06]} 31. Rxe5 {[%clk 00:26:31]} {[%emt 00:00:09]} Rd8
{[%clk 00:45:58]} {[%emt 00:00:06]} 32. Re1 {[%clk 00:26:31]} {[%emt 00:00:06]}
Kf8 {[%clk 00:45:58]} {[%emt 00:00:07]} 33. h3 {[%clk 00:23:51]} {[%emt
00:02:49]} Rc8 {[%clk 00:43:05]} {[%emt 00:03:02]} 34. Rc1 {[%clk 00:22:37]}
{[%emt 00:01:26]} Ba4 {[%clk 00:42:43]} {[%emt 00:00:27]} 35. Nd4 {[%clk
00:21:32]} {[%emt 00:01:20]} Bd7 {[%clk 00:42:18]} {[%emt 00:00:34]} 36. b4
{[%clk 00:20:41]} {[%emt 00:01:02]} b6 {[%clk 00:41:28]} {[%emt 00:00:58]} 37.
Nb3 {[%clk 00:20:09]} {[%emt 00:00:44]} b5 {[%clk 00:39:32]} {[%emt 00:02:07]}
38. Na5 {[%clk 00:20:01]} {[%emt 00:00:18]} Be6 {[%clk 00:39:15]} {[%emt
00:00:26]} 39. Rd1 {[%clk 00:19:42]} {[%emt 00:00:29]} Bxa2 {[%clk 00:38:38]}
{[%emt 00:00:47]} 40. Rd6 {[%clk 00:19:42]} {[%emt 00:00:04]} Ra8 {[%clk
00:38:20]} {[%emt 00:00:28]} 41. Kf1 {[%clk 00:16:32]} {[%emt 00:03:20]} Ke8
{[%clk 00:37:56]} {[%emt 00:00:34]} 42. Ke2 {[%clk 00:16:18]} {[%emt 00:00:25]}
Be6 {[%clk 00:37:17]} {[%emt 00:00:48]} 43. Ke3 {[%clk 00:16:03]} {[%emt
00:00:27]} h6 {[%clk 00:35:17]} {[%emt 00:02:10]} 44. f4 {[%clk 00:16:03]}
{[%emt 00:00:08]} Ke7 {[%clk 00:35:09]} {[%emt 00:00:18]} 45. g4 {[%clk
00:16:03]} {[%emt 00:00:06]} Ba2 {[%clk 00:32:04]} {[%emt 00:03:15]} 46. f5
{[%clk 00:16:02]} {[%emt 00:00:11]} Bb1 {[%clk 00:31:12]} {[%emt 00:01:00]} 47.
Kf4 {[%clk 00:15:06]} {[%emt 00:01:07]} Ba2 {[%clk 00:30:32]} {[%emt 00:00:51]}
48. h4 {[%clk 00:14:43]} {[%emt 00:00:33]} f6 {[%clk 00:29:27]} {[%emt
00:01:15]} 49. Nb7 {[%clk 00:13:43]} {[%emt 00:01:09]} Bf7 {[%clk 00:27:53]}
{[%emt 00:01:45]} 50. c6 {[%clk 00:13:23]} {[%emt 00:00:30]} Be8 {[%clk
00:27:34]} {[%emt 00:00:29]} 51. Re6+ {[%clk 00:13:18]} {[%emt 00:00:15]} Kf8
{[%clk 00:27:22]} {[%emt 00:00:22]} 52. Ke4 {[%clk 00:11:05]} {[%emt 00:02:23]}
Rc8 {[%clk 00:27:17]} {[%emt 00:00:15]} 53. Kd5 {[%clk 00:10:40]} {[%emt
00:00:35]} Bf7 {[%clk 00:27:16]} {[%emt 00:00:11]} 54. Kd6 {[%clk 00:10:38]}
{[%emt 00:00:12]} Bxe6 {[%clk 00:27:16]} {[%emt 00:00:08]} 55. fxe6 {[%clk
00:10:38]} {[%emt 00:00:05]} Ke8 {[%clk 00:27:16]} {[%emt 00:00:08]} 56. Nc5
{[%clk 00:09:37]} {[%emt 00:01:10]} g5 {[%clk 00:26:32]} {[%emt 00:00:54]} 57.
h5 {[%clk 00:09:37]} {[%emt 00:00:07]} f5 {[%clk 00:26:32]} {[%emt 00:00:10]}
58. gxf5 {[%clk 00:09:37]} {[%emt 00:00:07]} g4 {[%clk 00:26:17]} {[%emt
00:00:25]} 59. Ne4 {[%clk 00:09:06]} {[%emt 00:00:41]} Rd8+ {[%clk 00:24:49]}
{[%emt 00:01:38]} 60. Ke5 {[%clk 00:09:06]} {[%emt 00:00:05]} a5 {[%clk
00:24:45]} {[%emt 00:00:14]} 61. c7 {[%clk 00:09:06]} {[%emt 00:00:06]} Ra8
{[%clk 00:24:45]} {[%emt 00:00:10]} 62. Kf6 {[%clk 00:08:57]} {[%emt 00:00:19]}
g3 {[%clk 00:24:27]} {[%emt 00:00:29]} 63. Nd6+ {[%clk 00:08:57]} {[%emt
00:00:05]} Kf8 {[%clk 00:24:27]} {[%emt 00:00:03]} 64. e7+ {[%clk 00:08:57]}
{[%emt 00:00:03]} Kg8 {[%clk 00:24:27]} {[%emt 00:00:05]} 65. c8=Q+ {[%clk
00:08:54]} {[%emt 00:00:13]} Rxc8 {[%clk 00:24:08]} {[%emt 00:00:28]} 66. Nxc8
{[%clk 00:08:54]} {[%emt 00:00:04]} g2 {[%clk 00:24:08]} {[%emt 00:00:04]} 67.
e8=Q+ {[%clk 00:08:54]} {[%emt 00:00:05]} Kh7 {[%clk 00:24:08]} {[%emt
00:00:03]} 68. Qg6+ {[%clk 00:08:54]} {[%emt 00:00:09]} Kh8 {[%clk 00:24:08]}
{[%emt 00:00:04]} 69. Qg7# {[%emt 00:00:11]} 1-0

[Event "2024 National Middle School Championship"]
[Site "Atlanta, Georgia, United States"]
[Date "2024.05.11"]
[Round "3.14"]
[White "Qiao, Evelyn"]
[Black "Meng, Joshua"]
[Result "0-1"]
[TimeControl "G/90;d10"]
[WhiteElo "1923"]
[BlackElo "2091"]

1. e4 {[%clk 01:30:00]} c5 {[%clk 01:30:00]} {[%emt 00:00:03]} 2. Nf3 {[%clk
01:30:00]} {[%emt 00:00:04]} Nc6 {[%clk 01:30:00]} {[%emt 00:00:03]} 3. Bb5
{[%clk 01:30:00]} {[%emt 00:00:05]} g6 {[%clk 01:30:00]} {[%emt 00:00:03]} 4.
O-O {[%clk 01:30:00]} {[%emt 00:00:09]} Bg7 {[%clk 01:30:00]} {[%emt 00:00:01]}
5. Re1 {[%clk 01:30:00]} {[%emt 00:00:08]} e5 {[%clk 01:30:00]} {[%emt
00:00:02]} 6. c3 {[%clk 01:30:00]} {[%emt 00:00:09]} Nge7 {[%clk 01:29:24]}
{[%emt 00:00:47]} 7. d3 {[%clk 01:27:36]} {[%emt 00:02:35]} O-O {[%emt
00:00:47]} 8. Nbd2 {[%clk 01:23:59]} {[%emt 00:03:44]} a6 {[%clk 01:26:40]}
{[%emt 00:02:20]} 9. Ba4 {[%clk 01:23:54]} {[%emt 00:00:14]} d6 {[%clk
01:25:35]} {[%emt 00:01:15]} 10. Nf1 {[%clk 01:20:18]} {[%emt 00:03:45]} f5
{[%clk 01:24:45]} {[%emt 00:01:02]} 11. Bb3+ {[%clk 01:18:09]} {[%emt
00:02:18]} Kh8 {[%clk 01:24:38]} {[%emt 00:00:17]} 12. Ng5 {[%clk 01:15:23]}
{[%emt 00:02:55]} Qe8 {[%clk 01:23:59]} {[%emt 00:00:50]} 13. f4 {[%clk
00:59:14]} {[%emt 00:16:18]} h6 {[%clk 01:10:11]} {[%emt 00:13:58]} 14. Nf3
{[%clk 00:45:53]} {[%emt 00:13:31]} g5 {[%clk 01:08:39]} {[%emt 00:01:44]} 15.
fxg5 {[%clk 00:43:33]} {[%emt 00:02:29]} f4 {[%clk 01:07:04]} {[%emt 00:01:45]}
16. Qe2 {[%clk 00:39:17]} {[%emt 00:04:25]} Bg4 {[%clk 01:05:30]} {[%emt
00:01:45]} 17. Qf2 {[%clk 00:37:38]} {[%emt 00:01:49]} Qh5 {[%clk 00:56:41]}
{[%emt 00:08:59]} 18. gxh6 {[%clk 00:35:07]} {[%emt 00:02:41]} Bf6 {[%clk
00:56:27]} {[%emt 00:00:25]} 19. N1d2 {[%clk 00:32:50]} {[%emt 00:02:27]} Na5
{[%clk 00:55:36]} {[%emt 00:01:00]} 20. Bc2 {[%clk 00:30:17]} {[%emt 00:02:42]}
Rg8 {[%clk 00:54:37]} {[%emt 00:01:10]} 21. Kh1 {[%clk 00:27:37]} {[%emt
00:02:49]} Ng6 {[%clk 00:52:09]} {[%emt 00:02:38]} 22. b4 {[%clk 00:18:08]}
{[%emt 00:09:40]} cxb4 {[%clk 00:51:51]} {[%emt 00:00:28]} 23. cxb4 {[%clk
00:18:08]} {[%emt 00:00:06]} Nc6 {[%clk 00:51:51]} {[%emt 00:00:10]} 24. Bb3
{[%clk 00:17:59]} {[%emt 00:00:18]} Nxb4 {[%clk 00:50:43]} {[%emt 00:01:19]} 25.
Qf1 {[%clk 00:15:37]} {[%emt 00:02:32]} Qxh6 {[%clk 00:44:56]} {[%emt
00:05:57]} 26. Bxg8 {[%clk 00:14:06]} {[%emt 00:01:40]} Rxg8 {[%clk 00:44:56]}
{[%emt 00:00:08]} 27. Rb1 {[%clk 00:10:05]} {[%emt 00:04:10]} Nc2 {[%clk
00:44:51]} {[%emt 00:00:15]} 28. Re2 {[%clk 00:08:31]} {[%emt 00:01:44]} Nh4
{[%clk 00:40:40]} {[%emt 00:04:21]} 29. Rxb7 {[%clk 00:06:27]} {[%emt
00:02:15]} Ne3 {[%clk 00:40:27]} {[%emt 00:00:23]} 30. Rxe3 {[%clk 00:04:01]}
{[%emt 00:02:36]} fxe3 {[%clk 00:40:26]} {[%emt 00:00:11]} 31. Nc4 {[%clk
00:02:34]} {[%emt 00:01:36]} e2 {[%clk 00:39:16]} {[%emt 00:01:20]} 32. Qe1
{[%clk 00:01:45]} {[%emt 00:00:59]} Nxf3 {[%clk 00:39:16]} {[%emt 00:00:07]} 33.
Bxh6 {[%clk 00:01:45]} {[%emt 00:00:04]} Nxe1 {[%clk 00:39:16]} {[%emt
00:00:04]} 34. Rb1 {[%clk 00:01:45]} {[%emt 00:00:08]} Nxd3 {[%clk 00:39:11]}
{[%emt 00:00:16]} 35. Bd2 {[%clk 00:01:45]} {[%emt 00:00:05]} Nf2+ {[%clk
00:39:11]} {[%emt 00:00:07]} 36. Kg1 {[%clk 00:01:45]} {[%emt 00:00:05]} Nxe4
{[%clk 00:39:11]} {[%emt 00:00:02]} 37. Be1 {[%clk 00:01:41]} {[%emt 00:00:14]}
Bf3 {[%clk 00:39:01]} {[%emt 00:00:20]} 38. g3 {[%clk 00:01:40]} {[%emt
00:00:11]} Bg5 {[%clk 00:38:30]} {[%emt 00:00:41]} 39. Rb2 {[%clk 00:01:08]}
{[%emt 00:00:40]} d5 {[%clk 00:38:30]} {[%emt 00:00:07]} 40. Rb3 {[%clk
00:01:06]} {[%emt 00:00:12]} dxc4 {[%clk 00:38:08]} {[%emt 00:00:33]} 41. Rxf3
{[%clk 00:01:06]} {[%emt 00:00:05]} c3 {[%clk 00:38:08]} {[%emt 00:00:03]} 0-1